Aplikácie plazmových technológií v medicíne a poľnohospodárstve

Na minha lista:
Detalhes bibliográficos
Autor principal: Guziaková, Angelika Mária (Author)
Outros Autores: Kaliňáková, Barbora (Thesis advisor)
Formato: Manuscrito Livro
Idioma:eslovaco
Publicado em: 2020
Assuntos:
Acesso em linha:http://is.stuba.sk/zp/portal_zp.pl?podrobnosti=139837
Tags: Adicionar Tag
Sem tags, seja o primeiro a adicionar uma tag!

MARC

LEADER 00000ntm a22000003a 4500
001 stuzp78148
003 SK-STU
005 20200718210611.9
007 ta
008 150427s2015----xo-----f-mn---000-0-slo-d
040 |a STU  |b slo 
041 0 |a slo 
100 1 |a Guziaková, Angelika Mária  |u 043000  |4 aut  |U FCHPT Fakulta chemickej a potravinárskej technológie  |T FCHPT Ústav biochémie a mikrobiológie  |X 88472  |U C3000  |Y 101  |7 88472 
242 0 1 |a Applications of Plasma Technologies in Medicine and Agriculture  |y eng 
245 1 0 |a Aplikácie plazmových technológií v medicíne a poľnohospodárstve 
260 |c 2020 
650 4 |a nízkoteplotná plazma  |2 slo 
650 4 |a vláknité huby  |2 slo 
650 4 |a baktérie  |2 slo 
650 4 |a oxidačný stres  |2 slo 
650 4 |a dekontaminácia  |2 slo 
650 4 |a decontamination  |2 eng 
650 4 |a fibrous fungi  |2 eng 
650 4 |a bacteria  |2 eng 
650 4 |a low temperature plasma  |2 eng 
650 4 |a oxidative stress  |2 eng 
700 1 |a Kaliňáková, Barbora  |u 043000  |k Z2  |4 ths  |U FCHPT Fakulta chemickej a potravinárskej technológie  |T FCHPT Ústav biochémie a mikrobiológie  |X 38072  |U C3000  |Y 101  |7 A000038072 
856 4 |u http://is.stuba.sk/zp/portal_zp.pl?podrobnosti=139837